• 首页
  • 本馆介绍
  • 公告通知
  • 最新文献
  • 馆藏检索
  • 电子资源
  • 读者导购
  • 参考咨询
  • 我的图书馆
  • 登录
  • 详细信息显示
  • 放入我的书架
  • 预约/预借图书
  • 作者相关作品
  • 分类相关作品
  • 丛书相关作品
  • 出版社相关作品

书目信息

  • 表格格式
  • 工作单格式
  • 卡片格式
题名:
理论动态
    
 
作者: ;中共中央党校理论研究室 编
分册: 1983年第3辑(总第24辑)(第433-450期)  
出版信息: 北京   中共中央党校出版社  1984
页数: 138页
开本: 19cm
丛书名:
单 册:
中图分类: D261.4
科图分类:
主题词: 中国共产党--党员--思想政治教育
电子资源:
ISBN:
000 00786nam0 2200241 45
001 0184001456
005 20050630081955.7
010    @dCNY0.60
091    @a3230.107
100    @a19951012d1984 em y0chiy0121 ea
101 0  @achi
102    @aCN@b110000
105    @ay z 000yy
200 10 @a理论动态@Ali lun dong tai@e汇编本@EHui Bian Ben@h1983年第3辑(总第24辑)(第433-450期)@f中共中央党校理论研究室编@FZhong Gong Zhong Yang Dang Xiao Li Lun Yan Jiu Shi Bian
210    @a北京@c中共中央党校出版社@d1984
215    @a138页@d19cm
517    @a汇编本@AHui Bian Ben
606    @a中国共产党@x党员@x思想政治教育
690    @aD261.4@v3
711 02 @a中共中央党校理论研究室@4编
801  0 @aCN@b深圳图书馆@c20040424
801  2 @aCN@bNLC@c20040424
905    @dD261.4@e21:24@f1@b161489
    
    理论动态:汇编本.1983年第3辑(总第24辑)(第433-450期)/中共中央党校理论研究室编.-北京:中共中央党校出版社,1984
    138页;19cm
    
    
    ISBN :CNY0.60
    
●
相关链接 在E读中查询图书 在五车中查询图书 在当当中查询图书 在豆瓣中查询图书


正题名:理论动态     索取号:D261.4/21:24         预约/预借

序号 登录号 条形码 馆藏地/架位号 状态 备注
1 0161487   000380518   密集书库/ [索取号:D261.4/21:24] 在馆    
2 0161488   001672620   密集书库/ [索取号:D261.4/21:24] 在馆    
3 0161489   000380527   第一样本阅览室/ [索取号:D261.4/21:24] 在馆    
唐山师范学院图书馆 欢迎您!
大连网信软件有限公司© 版权所有